000 00311nam a22001337a 4500
008 180827b xxu||||| |||| 00| 0 eng d
020 _a9780023550508
041 _aeng
080 _a541
100 _a13
101 _aKIM
245 _aCHEMICAL INVESTIGATIONS FOR CHNAGIG TIMES
_cMUTO,P
942 _2udc
_cBK
999 _c47340
_d47340